Hliník v stavebníctve Alufinal, a.s., realizuje deväť rozvojových programov

Bibliographic Details
Main Author: (mh) (Author)
Format: Article
Language:Slovak
ISSN:0862-9567
Subjects:

MARC

LEADER 00000nab a2200000 a 4500
001 vtls000515500
003 SK-MaSNL
005 20260303003603.0
008 140228c1994 xo 0 slo
015 |a SNBRB19rr/mm-uuuuu 
035 |a CL0515638 
040 |a SNKBUCL  |b slo  |c SNKBUCL  |e AACR2 
041 0 |a slo 
044 |a xo  |c SK 
080 |a 666.71:061.5(437.6)  |2 1981 
100 1 |a (mh)  |4 aut  |9 821364 
245 1 0 |a Hliník v stavebníctve  |b Alufinal, a.s., realizuje deväť rozvojových programov  |c (mh) 
650 0 7 |a Alufinal, a.s., Žiar nad Hronom  |2 snkbucl  |9 899123 
655 7 |a články z novín a časopisov  |2 snkbucl  |9 267496 
773 0 |t Hospodárske noviny  |g Č. 66 (7. 4. 1994), s. 2  |x 0862-9567 
850 |a Slovenská národná knižnica v Martine  |a MTA001 
852 |a SNK  |b KIS3GCP 
957 |a 5312 
958 |a RK 
992 |a RBX 
999 |c 1573416  |d 1575346